Städte Kärntens - Multiple Choice - Statistiken

Allgemein
  • Dieses Quiz wurde 94 mal gespielt
  • Das Durchschnittsergebnis liegt bei 5 aus 10
Antwortstatistiken
Frage Antwort % Korrekt
Welches dieser Bilder gehört NICHT zur Landeshauptstadt Klagenfurt?
88%
Die Burg Landskron und das Warmbad sind bekannte Sehenswürdigkeiten dieser Stadt. Villach
83%
Diese Stadt ist die älteste des Bundeslandes. Friesach
75%
Welche dieser Städte grenzt nicht an einen See? Feldkirchen in Kärnten
54%
Um welche Stadt handelt es sich beim Thumbnail dieses Quizzes? Gmünd in Kärnten
54%
Die Burgruine Gomarn, das Schloss Ehrenfels und ein Gesundheitsresort befinden sich in dieser Stadt Bad St. Leonhard im Lavanttal
42%
Welche dieser Städte befindet sich NICHT an der Drau Klagenfurt
42%
Welcher dieser Orte hat ein Stadtrecht? Althofen
33%
Diese Stadt ist die flächenmäßig größte Gemeinde Kärntens sowie die drittgrößte Stadt des Bundeslandes. Wolfsberg
33%
Mit 2.011 Einwohnern ist diese Stadt die kleinste in Kärnten. Straßburg
25%
Keine übereinstimmenden Quizze gefunden
Verteilung der Resultate
Anzahl Personen mit jedem Resultat
Perzentil nach korrekt beantworteten Fragen
Ihre Resultats-Entwicklung
Sie haben dieses Quiz noch nicht gespielt